000
00400nam a22000977a 4500
100
_a
लक्ष्मीकांत,एम.
_9
73237
245
_a
भारत की राजव्यवस्था छठवां संस्करण सिविल सेवा...
260
_a
Chennai
_b
Mc Graw Hill
_c
2020
650
_a
राजव्यवस्था
_9
73096
942
_c
HIN
999
_c
63340
_d
63340